000 01481nam a2200397 a 4500
001 000108810
003 CHAP
005 20220329144025.0
008 140313s2013 mx sm |||||||spa d
010 _a105272
011 _a106244
040 _cCHAP
090 _aTesis
100 1 _aCaballero Caballero, Clara
_9125873
245 1 0 _aEducación a distancia virtual para el Posgrado. Bases de un modelo
_h[En línea]
_cpor Clara Caballero Caballero.
260 _aChapingo, Méx. :
_bEl autor,
_c2013.
500 _aPara ver el contenido del material haga clic en la liga
502 _aTesis (Ph. D. en Ciencias en Educación Agrícola Superior) -- UACH. Departamento de Sociología Rural
590 _aBATCH-UPD
_b05
_c20140324
_lUCH01
_h1536
590 _aBATCH-UPD
_b05
_c20141002
_lUCH01
_h0857
590 _aBATCH
_b00
_c20181121
_lUCH01
_h0759
590 _aE6096MTM
_b05
_c20140313
_lUCH01
_h1034
590 _aE6096MTM
_b05
_c20140313
_lUCH01
_h1034
590 _aE6096MTM
_b05
_c20140313
_lUCH01
_h1040
650 1 4 _aEducación a distancia.
_935488
650 1 4 _aEducación agrícola.
_935491
650 1 4 _aEducación audiovisual.
_935558
650 1 4 _aEducación
_xInnovaciones tecnológicas.
_935456
650 1 4 _aEducación
_xSistemas de información.
_935479
650 1 4 _aExtensión universitaria.
_939208
856 _a1
_n0001079
856 _aFinding aid
_uhttp://10.13.5.2/tesis/sist108810.pdf
_zTeclea aquí
901 _aBK
942 _cTESIS
942 _n0
999 _c105272
_d105272